Etiqueta de registo: 00254nam 2200025 450
001 2285269
003 http://id.bnportugal.gov.pt/bib/catbnp/2285269
010 ## $a978-989-583-877-6
021 ## $aPT$b561703/26
100 ## $a20260427d2026 c y0pory01030103ba
101 0# $apor
102 ## $aPT
105 ## $aa z 000yy
106 ## $ar
200 1# $aSabores do mundo$e a grande viagem das especiarias$edescobre histórias aromáticas, receitas deliciosas e muitas curiosidades$fAna Sanchez$gil. Cacá França
205 ## $a1 ed
210 #9 $aLisboa$cBook Smille,$d2026
215 ## $a45 p.$cil.$d26 cm
700 #1 $aSanchez,$bAna$31456230
702 #1 $aFrança,$bCacá$4440$31996928
801 #0 $aPT$bBN$gRPC
966 ## $lBN$mFGMON$x1
966 ## $lBN$mFGMON$x1
971 ## $cisantos$d20260427